| 000 | 00453nam a2200169Ia 4500 | ||
|---|---|---|---|
| 008 | 230524s9999 xx 000 0 und d | ||
| 082 |
_a5 _bSEN |
||
| 100 |
_aProbal Sengupta _924815 |
||
| 245 | 0 | _aObject-Oriented Programming (Fundamentals and Applications) | |
| 250 | _a2ND | ||
| 260 |
_aNEW DELHI _bPHI _c2001 |
||
| 300 | _aVII;258 | ||
| 500 | _aQuantity Number: 1 | ||
| 650 | _aComp-Sc | ||
| 700 |
_a Bidyut Baran Chaudhuri _924816 |
||
| 942 | _cBK | ||
| 999 |
_c36729 _d36729 |
||